| 000 | 01075nam a2200313 i 4500 | ||
|---|---|---|---|
| 001 | 393777 | ||
| 003 | OSt | ||
| 005 | 20160127100023.0 | ||
| 008 | 800423s1979 nyua 001 0 eng | ||
| 010 | _a 79063118 | ||
| 020 | _a0895770636 | ||
| 040 |
_aDLC _cDLC _dDLC |
||
| 050 | 0 | 0 |
_aTT 157 _b.R383 1979 |
| 082 | 0 | 0 |
_aHS 745.5 _bR222 1979 |
| 245 | 0 | 0 |
_aCrafts & hobbies : _c[contributing editor, Daniel Weiss ; contributing writers, Susan Chace ... et al. ; contributing artists, John A. Lind Corporation ... et al. ; chief photographer, Joseph Barnell]. _ba step by step guide to creative skills |
| 260 |
_aPleasantville, N.Y. : _bReader's Digest Association, _cc1979. |
||
| 300 |
_a456 p. : _bill. ; _c22 x 25 cm. |
||
| 500 | _aIncludes index. | ||
| 562 | _e1 | ||
| 650 | 0 |
_aHandicraft. _91363 |
|
| 650 | 0 |
_aHobbies. _915594 |
|
| 700 | 1 |
_aWeiss, Daniel. _915595 |
|
| 700 | 1 |
_aChace, Susan. _915596 |
|
| 730 |
_aReader's digest. _915590 |
||
| 740 | _aCrafts & hobbies. | ||
| 906 |
_a7 _bcbc _corignew _d2 _eopcn _f19 _gy-gencatlg |
||
| 942 |
_2lcc _cBK |
||
| 999 |
_c9946 _d9946 |
||